Lost Episodes - Statistics

General Stats
  • This quiz has been taken 2,894 times
    2,892 since last reset
  • The average score is 47 of 120
Answer Stats
Season 1 % Correct
Pilot (part 1)
93%
Pilot (part 2)
93%
The End (part 1)
72%
The End (Part 2)
72%
Through the Looking Glass (part 1)
66%
Through the Looking Glass (part 2)
66%
Exodus (part 1)
60%
Exodus (part 2)
60%
What Kate Did
60%
The Constant
59%
Walkabout
58%
The Other 48 Days
55%
Live Together, Die Alone (part 1)
54%
Live Together, Die Alone (part 2)
54%
White Rabbit
54%
Everybody Hates Hugo
53%
Numbers
53%
Tabula Rasa
53%
Man of Science, Man of Faith
52%
The Incident (part 1)
52%
The Incident (part 2)
52%
Everybody Loves Hugo
51%
LA X (part 1)
51%
LA X (part 2)
51%
The Moth
51%
What Kate Does
51%
All the Best Cowboys Have Daddy Issues
49%
House of the Rising Sun
47%
Greatest Hits
44%
...And Found
43%
Confidence Man
43%
...In Translation
43%
There's No Place Like Home (part 1)
43%
There's No Place Like Home (part 2)
43%
There's No Place Like Home (part 3)
43%
?
42%
Deus Ex Machina
42%
Ab Aeterno
41%
Across the Sea
41%
A Tale of Two Cities
41%
The Glass Ballerina
41%
Adrift
40%
LaFleur
40%
The Long Con
39%
The Man from Tallahassee
39%
Orientation
38%
The Man Behind the Curtain
38%
What they Died For
38%
Dave
37%
Expose
37%
Fire + Water
37%
Lockdown
37%
Raised by Another
37%
Solitary
37%
Special
37%
The Life and Death of Jeremy Bentham
37%
Born to Run
36%
Meet Kevin Johnson
36%
S.O.S.
36%
The Beginning of the End
36%
Hearts and Minds
35%
Jughead
35%
One of Them
35%
Flashes Before Your Eyes
34%
Homecoming
34%
Lighthouse
34%
Not In Portland
34%
The 23rd Psalm
34%
The Candidate
34%
The Variable
34%
Tricia Tanaka Is Dead
34%
Two for the Road
34%
Whatever the Case May Be
34%
316
33%
Eggtown
33%
Enter 77
33%
One of Us
33%
Stranger in a Strange Land
33%
Dr. Linus
32%
Ji Yeon
32%
Par Avion
32%
The Brig
32%
The Other Woman
32%
Collision
31%
Do No Harm
31%
I Do
31%
Maternity Leave
31%
Namaste
31%
Because You Left
30%
D.O.C.
30%
Outlaws
30%
Some Like it Hoth
30%
Sundown
30%
The Greater Good
30%
Three Minutes
30%
Abandoned
29%
The Economist
29%
Cabin Fever
28%
Catch-22
28%
The Lie
28%
The Hunting Party
27%
The Little Prince
27%
The Substitute
27%
This Place is Death
27%
Whatever Happened, Happened
27%
He's Our You
26%
Something Nice Back Home
26%
The Package
26%
Dead Is Dead
25%
Every Man for Himself
25%
Recon
25%
Follow the Leader
24%
The Cost of Living
24%
The Shape of Things to Come
24%
Confirmed Dead
23%
Further Instructions
23%
Happily Ever After
23%
Left Behind
23%
The Last Recruit
23%
The Whole Truth
22%
No matching quizzes found
Score Distribution
Percent of People with Each Score
Percentile by Number Answered
Your Score History
You have not taken this quiz since the last reset